000 00968nam a22002897a 4500
003 CHAP
005 20220329133545.0
008 971013s1992 r 00010 d
010 _a7860
011 _a8832
035 _a8064
040 _cCHAP
090 _aFolleto 14083
100 0 0 _aDozier, W. A.
_934145
245 _aPerformance of strawberry cultivars in central and north Alabama grown on the matted row system
260 _aAuburn:
_bAlabama Agricultural Experiment Station,
_c1992
300 _a31 p.
_b: ilus
490 _aAlabama Agricultural Experiment Station. Bulletin
_v; 619
590 _aBATCH-UPD
_b10
_c20130110
_lUCH01
_h1620
590 _aCONVERSION
_b10
_c20130109
_lUCH01
_h1305
650 1 4 _aFresa
_xAlabama.
_943187
650 1 4 _aFresa
_xRendimiento.
_943232
830 0 _aAlabama Agricultural Experiment Station. Bulletin
_v; 619
_93297
901 _aBK
942 _cFOLL
949 _aFolleto 14083
_bBC
_cFOLL
_d-18184
_eTS1
_gI. c/e
_i8064
_si
999 _c7860
_d7860